01669nam a2200349Ic 450000100060000000300100000600500170001600700030003300800410003602000150007704000350009204100080012708200190013510000310015424500960018525000180028126400410029930000170034033600270035733700330038433800280041750400270044550503580047265000470083065000350087765000570091265000560096994200120102599900170103795201320105495201330118657809CO-BoRNBP20250730163240.0ta161128s2006 ck a g 000 0 spa  a9586711072 aCO-BoRNBPbspaerdacCO-BoRNBP aspa04a346.0482bA18m aAcuña, Oscareaut96168410aManual de derecho de autor :bpara las bibliotecas públicas en Colombia /cOscar Acuña. a1a. edición 1aBogotá, Colombia :bCERLALC,c2006 a98 páginas atextobtxt2rdacontent asin mediaciónbn2rdamedia avolumenbnc2rdacarrier aIncluye bibliografía0 aIntroducción -- Las actividades de las bibliotecas -- Acceso a la cultura y propiedad intelectual -- Sistema de protección nacional e internacional del derecho de autor -- Derecho de autor, conceptos básicos -- Excepciones al derecho de autor existentes en nuestras legislaciones nacionales -- Principales preguntas que interesan a las bibliotecas07aBibliotecas publicasvmanuales2lemb9190507aDerechos de autor2lemb96168507aMateriales audiovisualesxlegislación2lemb96168607aPatentes de invenciónxlegislación2lemb961687 2ddccBK c57809d57809 00102ddc40708GENaMEMACAREbMEMACAREcGENd2025-07-30l0o346.0482 A18mpLM02888r2025-07-30 16:33:06tEj.1w2025-07-30yBK 00102ddc40708GENaMEPLOPEZbMEPLOPEZcGENd2025-08-14l0o346.0482 A18mpPLZ02670r2025-08-14 16:21:02tEj.1w2025-08-14yBK